• 首页
  • 本馆介绍
  • 公告通知
  • 最新文献
  • 馆藏检索
  • 电子资源
  • 读者导购
  • 参考咨询
  • 我的图书馆
  • 登录
  • 详细信息显示
  • 放入我的书架
  • 预约/预借图书
  • 作者相关作品
  • 分类相关作品
  • 丛书相关作品
  • 出版社相关作品

书目信息

  • 表格格式
  • 工作单格式
  • 卡片格式
题名:
RNA研究方法
    
 
作者: 刘益之 , Robert E.Farrell
分册:  
出版信息: 北京   科学出版社  2007.01
页数: 767页
开本: 26cm
丛书名:
单 册:
中图分类: Q522
科图分类:
主题词: 核糖核酸--研究方法--英文
电子资源:
ISBN: 978-7-03-018228-9
000 01190 nam 000313
001 0100000058
005 20070704090312.84
010    @a978-7-03-018228-9@b精装@dCNY98.00
100    @a20070602d2007 ekmy0chiy50 ea
101 0  @aeng
102    @aCN@b110000
105    @aak z 001yy
200 1  @aRNA研究方法@ARNA yan jiu fang fa@d= RNA Methodologis@e分离鉴定RNA的实验指导@zeng@fRobert E.Farrell,Jr.
205    @a3版
210    @a北京@c科学出版社@d2007.01
215    @a767页@d26cm@c图
320    @a本书末附参考文献和索引
330    @a本书共分26章。第1-3章简要介绍了RNA的细胞生物化学和分子生物学的基本原理,着重讨论了RNA的构象问题和各种因素对RNA构象的影响、分子生物学中心法则、真核细胞基因的转录和组织,以及信用RNA的结构和细胞内状态。第4章到第8章为RNA分离鉴定的基本策略和RNA制品的质量控制。
510 1  @a RNA Methodologis@zeng
517 1  @a分离鉴定RNA的实验指导@Afen li jian ding RNA de shi yan zhi dao
540 1  @aRNA研究方法分离鉴定RNA的实验指导
606 0  @a核糖核酸@x研究方法@x英文
690    @aQ522@v4
701  0 @a刘益之
701  0 @aRobert E.Farrell
801  0 @aCN@bYXSD@c20070704
901    @a1000
905    @aBZT@dQ522@e1@f6
906    @dCNY98.00@n0@r1
    
    RNA研究方法= RNA Methodologis:分离鉴定RNA的实验指导/Robert E.Farrell,Jr.-3版.-北京:科学出版社,2007.01
    767页;26cm:图
    
    
    ISBN 978-7-03-018228-9(精装):CNY98.00
    本书共分26章。第1-3章简要介绍了RNA的细胞生物化学和分子生物学的基本原理,着重讨论了RNA的构象问题和各种因素对RNA构象的影响、分子生物学中心法则、真核细胞基因的转录和组织,以及信用RNA的结构和细胞内状态。第4章到第8章为RNA分离鉴定的基本策略和RNA制品的质量控制。
●
相关链接 在五车中查询图书 在当当中查询图书 在豆瓣中查询图书


正题名:RNA研究方法     索取号:Q522/1         预约/预借

序号 登录号 条形码 馆藏地/架位号 状态 备注
1 0569418   230187846   样本书库/样002架A面1层2列/ [索取号:Q522/1] 在馆    
2 0569419   230187845   中心书库中库/ 中库042架B面3列6层22/ [索取号:Q522/1] 在馆    
3 0569420   230187844   中心书库中库/ 中库042架B面3列6层20/ [索取号:Q522/1] 在馆    
4 0569421   230187849   中心书库中库/ 中库042架B面3列6层19/ [索取号:Q522/1] 在馆    
5 0569422   230187848   中心书库中库/ 中库042架B面3列6层21/ [索取号:Q522/1] 在馆    
6 0569423   230187847   中心书库中库/ 中库042架B面3列6层18/ [索取号:Q522/1] 在馆    
山东省滨州职业学院图书馆 欢迎您!
大连网信软件有限公司© 版权所有